Logos de marques fusionnés #2 - Statistiques

Statistiques générales
  • Ce quiz a été pris 146 801 fois
  • Le résultat moyen est 23 sur 32
Statistiques - réponses
Hint Sector Réponse % Correct
Réseau social 🇺🇸 Instagram
99%
Alimentaire 🇺🇸 Domino's Pizza
97%
Réseau social 🇺🇸 Facebook
97%
Automobile 🇺🇸 Ford
96%
Meubles 🇸🇪 IKEA
95%
Réseau social 🇺🇸 Twitter
95%
Alimentaire 🇦🇹 Red Bull
93%
Technologie 🇰🇷 LG
92%
Divertissement 🇺🇸 Disney
91%
Sport 🇩🇪 Puma
89%
Chaussures 🇺🇸 Vans
89%
Technologie 🇺🇸 Android
87%
Automobile 🇮🇹 Ferrari
87%
Mode 🇸🇪 H&M
87%
Mignonnerie (かわいい) 🇯🇵 Sanrio
84%
Chaussures 🇺🇸 Foot Locker
78%
Automobile 🇩🇪 Porsche
78%
Mode 🇺🇸 Polo Ralph Lauren
76%
Mode 🇺🇸 Tommy Hilfiger
73%
Automobile 🇩🇪 Volkswagen
73%
Finance 🇺🇸 Visa
72%
Sport 🇺🇸 The North Face
64%
Chocolat 🇨🇭 Toblerone
63%
Textile 🇺🇸 Timberland
61%
Mode 🇺🇸 Levi's
60%
Sport de glisse 🇺🇸 Quiksilver
53%
Alimentaire 🇺🇸 Taco Bell
43%
Alimentaire 🇺🇸 Heinz
36%
Photographie 🇺🇸 Kodak
35%
Logiciel 🇺🇸 Adobe
31%
Énergie 🇬🇧 BP
29%
Technologie 🇺🇸 IBM
29%
Aucun quiz correspondant
Distribution des résultats
% des personnes avec chaque résultat
Percentile par nombre de réponses
Votre historique - résultats
Vous n’avez pas pris ce quiz